Statistics for Nightwish Video Clips

Click here to take the quiz!

General Stats

  • This quiz has been taken 13 times
  • The average score is 11 of 16

Answer Stats

Answer % Correct
Bye Bye Beautiful
100%
The Islander
91%
√Član
91%
Nemo
91%
Wish I Had an Angel
91%
Storytime
82%
Endless Forms Most Beautiful
82%
Sleeping Sun
82%
Amaranth
82%
While Your Lips Are Still Red
64%
Bless the Child
64%
Over the Hills and Far Away
64%
The Carpenter
55%
End of All Hope
45%
The Siren
36%
Sacrament of Wilderness
27%

Score Distribution

Percentile by Number Answered

Percent of People with Each Score

Your Score History

You have not taken this quiz